The Largest Remaining US State... - Statistics

General Stats
  • This quiz has been taken 91 times
  • The average score is 28 of 50
Answers on the Map
Answers color-coded by a green-red scale on the quiz's map according to % correct below.
 
Answer Stats
Hint Answer % Correct
that is a state Alaska
95%
that borders Mexico Texas
95%
that borders the Gulf of Mexico Florida
93%
that is not in the Lower 48 Hawaii
93%
that borders a Great Lake Michigan
91%
that borders the Pacific California
89%
that touches the Atlantic Ocean Georgia
87%
that starts with M Missouri
85%
that is landlocked Montana
84%
with a portion of Yellowstone Wyoming
84%
that borders Mexico Arizona
82%
on the Mississippi River Minnesota
80%
that does not border Mexico Nevada
80%
that is a Four Corner state New Mexico
80%
that borders one other state Maine
78%
that borders Lake Erie New York
78%
that is in New England Massachusetts
76%
with "New" in its name New Hampshire
73%
with at least 10 million people Illinois
67%
that is landlocked Idaho
65%
with less than a million people South Dakota
64%
without an "O" in its name Utah
64%
that is two words North Dakota
62%
that is doubly landlocked Kansas
60%
that was one of the 13 colonies North Carolina
60%
that borders only two states Washington
60%
that touches the Atlantic Ocean South Carolina
56%
that shares a land border with Canada Vermont
56%
that borders at least 7 states Colorado
53%
that was in the Confederate States of America Arkansas
51%
that starts with a letter no other state starts with Louisiana
51%
with an NBA team Oregon
51%
that borders a state over 18 times smaller than it Pennsylvania
51%
with two separate electoral voting districts Nebraska
45%
that voted blue in the 2016 US election Virginia
44%
that borders Kentucky Ohio
38%
with all of its neighbors already answered Oklahoma
38%
that is not on the Mississippi River Alabama
35%
that does not have any major league sports teams Iowa
31%
that borders no major lake or ocean Kentucky
27%
that has no blue on its flag Maryland
27%
that is not in the Mississippi watershed New Jersey
25%
with less than 2 million people West Virginia
25%
to be a 2-word state Rhode Island
20%
that joined the Union on June 1 Tennessee
20%
without an "I" in their name Delaware
18%
to be on the Mississippi Wisconsin
16%
to be a state Indiana
15%
that joined the Union on an odd-numbered year Mississippi
15%
that has no major NBA team Connecticut
13%
No matching quizzes found
Score Distribution
Percent of People with Each Score
Percentile by Number Answered
Your Score History
You have not taken this quiz